000 00331nam a2200133Ia 4500
005 20260328101509.0
008 260328s9999||||xx |||||||||||||| ||und||
100 _aReddat, René Bolle
245 0 _aNotre Dame du Haut - Romchamp /
_cRené Bolle Reddat
260 _b----
300 _a88 p.
650 _aCorbusier, Le
942 _cBK
999 _c9130
_d9130